Reality TV Shows by Character Quiz Stats

Quiz not verified by Sporcle

Challenge
Share
Tweet
Embed
Score 0/20 Timer 07:00
0 Plays Today
Character TV Show % Correct
Simon Cowell, Paula Abdul, Randy JacksonAmerican Idol
93.7%
Donald TrumpThe Apprentice
91.1%
Kim KardashianKeeping up with the Kardashians
89.6%
Tyra BanksAmerica's Next Top Model
87.5%
Lauren Conrad or Kristin CavalariThe Hills
83.6%
Ashton KutcherPunk'd
82.6%
Flavor FlavFlavor of Love
72.3%
Bret MichaelsRock of Love
69.1%
Holly Madison, Kendra Wilkinson, Bridget MarquardtThe Girls Next Door
65.9%
Whitney PortThe City
57.7%
Character TV Show % Correct
Kendra Wilkinson and Hank BaskettKendra
56.2%
Kourtney Kardashian and Khloe KardashianKourtney and Khloe take Miami
52.7%
Padma LakshmiTop Chef
52.1%
Rob DyrdekRob & Big
49.8%
Hulk HoganHogan Knows Best
48.9%
Andrew Michael MilonakisThe Andy Milonakis Show
40.3%
Terrell OwensThe T.O. Show
34.8%
Tiffany PollardI Love New York
29%
Dina LohanLiving Lohan
22.1%
Antonio Sabato Jr.My Antonio
17%

You're not logged in!

Compare scores with friends on all Sporcle quizzes.
Join for Free
OR
Log In

You Might Also Like...

Show Comments

Extras

Top Quizzes Today


Score Distribution

Your Account Isn't Verified!

In order to create a playlist on Sporcle, you need to verify the email address you used during registration. Go to your Sporcle Settings to finish the process.

Report this User

Report this user for behavior that violates our Community Guidelines.

Details: